Super Mario 64 Power Stars: Hazy Maze Cave - Statistics

General Stats
  • This quiz has been taken 43 times
  • The average score is 5 of 8
Answers on the Map
Answers color-coded by a green-red scale on the quiz's map according to % correct below.
 
Answer Stats
# Answer % Correct
2 Elevate for 8 {Red} {Coins}
100%
4 Navigating the {Toxic} Maze
72%
3 {Metal}-{Head} Mario Can Move
67%
3 {Metal}-{Head} Wario Can Move
67%
6 Watch for {Rolling} {Rocks}
64%
1 Swimming {Beast} in the Cavern
59%
5 A-Maze-ing {Emergency} Exit
54%
7 Underground {Switch} {Star}
54%
No matching quizzes found
Score Distribution
Percent of People with Each Score
Percentile by Number Answered
Your Score History
You have not taken this quiz